01340nam a2200289 i 450000100060000000300090000600500170001500700030003200800410003508000190007608000320009510000420012724502030016926000420037230000460041450400320046060000390049260000420053161000630057370000420063671000400067885200510071885200210076999900170079095201210080795201220092818187ES-MaACL20240118221947.0t|011004s1967 fr ||||1| spa d a946.0"1936/39" a329(460) Falange Española1 aSouthworth, Herbert Rutledge.910759010aAntifalange b: estudio crítico de "Falange en la guerra de España, la unificación y Hedilla", de Maximiano García Venero / cHerbert Rutledge Southworth ; traducción de José Martínez. a[Paris] : bRuedo Ibérico, c[1967] aXXIV, 287 p., [32] p. de lám ; c23 cm. aBibliografía: p. 269-278.14aGarcía Venero, Maximiano.95539314aHedilla, Manuel (d1902-1970)917168824aFalange Española Tradicionalista y de las J.O.N.S.940861 aMartínez, José,d1921-19869777612 aÉditions Ruedo ibérico.9145333 aES-MaACLjAND-118 z- Biblioteca Juan Andrade. aES-MaACLjL-2762 c18187d18187 00104070aATENEOMbATENEOMcDEPO2d2008-01-17eSCl0oL-2762p1018596r2023-02-23 00:00:00w2023-02-23yMONOGRAFIA 00104070aATENEOMbATENEOMcDEPO2d2008-01-17eSCl0oAND-118p1018595r2023-02-23 00:00:00w2023-02-23yMONOGRAFIA